| 000 | 00926nam a22002897a 4500 | ||
|---|---|---|---|
| 001 | 9918 | ||
| 003 | FISKH | ||
| 005 | 20260317084816.0 | ||
| 008 | 260317b cb ||||| |||| 00| 0 eng d | ||
| 020 | _a9780755406579 | ||
| 040 |
_aFISKH _beng _cFISKH _dFISKH |
||
| 050 | _aPZ7 | ||
| 082 | _a823 | ||
| 100 |
_aAnonymous _eAuthor |
||
| 245 | _aBilly the bulldozer / | ||
| 260 |
_aLondon : _bNorth Parade Publishing Ltd , _c2011 |
||
| 300 |
_a12 unnumbered pages : _bcolor illustrations ; _c12 x 18 cm |
||
| 490 | _aA little engine book : | ||
| 505 | _aE | ||
| 520 | _aA small bulldozer named Billy works hard and shows that even little machines can be helpful and important. A simple and engaging story for very young readers. | ||
| 521 | 8 |
_a200
_bLexile estimate |
|
| 521 | 8 |
_aE
_bRaz-Plus |
|
| 650 |
_aBoard book _vBulldozer |
||
| 650 |
_aChildren _vTransportation |
||
| 942 |
_2ddc _cBK _n0 |
||
| 999 |
_c9918 _d9918 |
||